000 00790nam0a22002531 4500
001 rc\2805332
005 20250806210622.0
035 _a(NLR Aleph) 006931281
090 _a24644
_c24644
100 _a20110915d1945 u y0rusy50 ca
101 0 _arus
102 _aRU
105 _ay z |||a|
200 1 _aДонские стихи
_fИван Федоров
210 _aРостов-на-Дону
_cРостиздат
_d1945
_gтип. им. Калинина
215 _a15 с.
_d13 см.
700 1 _aФедоров
_bИ.Ф.
_f1917-
_gИван Филиппович
801 0 _aRU
_bNLR
_gpsbo
801 1 _aRU
_bELAR
_2rusmarc
852 _aNLR
_jЛ30 Г-2/1177
942 _cBOOK
945 _aРоссийская национальная библиотека
980 _aNB
980 _aBV